Obnova a údržba brehových porastov v obciach

Podrobná bibliografia
Hlavný autor: Žilík, Atila (Autor)
Ďalší autori: Milonová, Lenka (Ilustrátor)
Médium: Kniha
Jazyk:slovenčina
Fyzický popis:28 s. ilustr. 21 cm
Vydavateľské údaje: Liptovský Mikuláš Občianske združenie TATRY [2003]
Vydanie:[1. vyd.]
Predmet:

MARC

LEADER 00000nam a2200000 a 4500
001 vtls010615656
003 SK-MaSNL
005 20260301045903.0
008 240318s2003 xo a f 000 0 slo
020 |q (brož.) 
040 |a SNK  |b slo  |c SNK  |e AACR2 
041 0 |a slo 
044 |a xo  |c SK 
072 7 |a 502  |x Životné prostredie a jeho ochrana  |2 konspekt 
080 |a 502.51(282):502.174  |2 2001 
080 |a 911.373  |2 2001 
080 |a (437.6)  |2 2001 
080 |a (041)  |2 2001 
100 1 |a Žilík, Atila  |4 aut  |9 354633 
245 1 0 |a Obnova a údržba brehových porastov v obciach  |c [autor: Atila Žilík ; perokresby Lenka Milonová] 
250 |a [1. vyd.] 
260 |a Liptovský Mikuláš  |b Občianske združenie TATRY  |c [2003] 
300 |a 28 s.  |b ilustr.  |c 21 cm 
500 |a Názov z obalu 
650 0 7 |a obce  |2 SNKPH  |9 2935 
650 0 7 |a revitalizácia vodných tokov  |2 SNKPH  |9 67144 
651 7 |a Liptov (Slovensko : región)  |2 SNKPH  |9 151081 
655 7 |a brožúry  |2 SNKPH  |9 70146 
700 1 |a Milonová, Lenka  |4 ill  |9 354634 
999 |c 599610  |d 601540 
952 |a SNK  |b SNK  |y PREZ  |7 0  |p 17A0810483  |o snkOSC 26899  |i snk2014/17478  |8 1  |0 0  |1 0  |4 0  |d 2014-08-21  |l 0  |r 2026-02-23 15:50:42  |w 2026-02-23